Personnel Management. (Record no. 480953)

000 -LEADER
fixed length control field 00518nam a22002177a 4500
003 - CONTROL NUMBER IDENTIFIER
control field NUST
005 - DATE AND TIME OF LATEST TRANSACTION
control field 20180829054010.0
008 - FIXED-LENGTH DATA ELEMENTS--GENERAL INFORMATION
fixed length control field 180829b ||||| |||| 00| 0 eng d
020 ## - INTERNATIONAL STANDARD BOOK NUMBER
International Standard Book Number 0136585434
022 ## - INTERNATIONAL STANDARD SERIAL NUMBER
International Standard Serial Number 0136585434
038 ## - RECORD CONTENT LICENSOR
Staff Name 0
050 ## - LIBRARY OF CONGRESS CALL NUMBER
Classification number 658.3
082 ## - DEWEY DECIMAL CLASSIFICATION NUMBER
Classification number 658.3
100 ## - MAIN ENTRY--PERSONAL NAME
Personal name Dessler,Gary.
9 (RLIN) 12321
245 ## - TITLE STATEMENT
Title Personnel Management.
Statement of responsibility, etc. Gary Dessler.
250 ## - EDITION STATEMENT
Edition statement 4th ed.
260 ## - PUBLICATION, DISTRIBUTION, ETC.
Place of publication, distribution, etc. New Jersey.
Name of publisher, distributor, etc. Prentice Hall.
Date of publication, distribution, etc. 1988.
300 ## - PHYSICAL DESCRIPTION
Extent 727p.
500 ## - GENERAL NOTE
General note Hard Cover.
942 ## - ADDED ENTRY ELEMENTS (KOHA)
Source of classification or shelving scheme
Koha item type Book
Call number prefix 658.3
Holdings
Withdrawn status Lost status Source of classification or shelving scheme Damaged status Not for loan Collection code Permanent Location Current Location Shelving location Date acquired Total Checkouts Full call number Barcode Date last seen Date last checked out Price effective from Koha item type
            Central Library (CL) Central Library (CL) General Stacks 08/29/2018 1 658.3 DES NBSD-3077 09/03/2021 05/07/2021 08/29/2018 Book
© 2023 Central Library, National University of Sciences and Technology. All Rights Reserved.